Gobernanza global y desarrollo : (Record no. 128929)

MARC details
000 -LEADER
fixed length control field 00752nam a22002057a 4500
005 - DATE AND TIME OF LATEST TRANSACTION
control field 20170228094605.0
008 - FIXED-LENGTH DATA ELEMENTS--GENERAL INFORMATION
fixed length control field 170228b ag ||||| |||| 00| 0 spa d
020 ## - INTERNATIONAL STANDARD BOOK NUMBER
International Standard Book Number 9789876295307
050 04 - LIBRARY OF CONGRESS CALL NUMBER
Classification number JZ4972
Item number G63 2015
245 00 - TITLE STATEMENT
Title Gobernanza global y desarrollo :
Remainder of title nuevos desafíos y prioridades de la cooperación internacional /
Statement of responsibility, etc editor José Antonio Ocampo Gaviria.
250 ## - EDITION STATEMENT
Edition statement 1a ed.
260 ## - PUBLICATION, DISTRIBUTION, ETC. (IMPRINT)
Place of publication, distribution, etc Buenos Aires, Argentina :
Name of publisher, distributor, etc Siglo Veintiuno Editores,
Date of publication, distribution, etc 2015
300 ## - PHYSICAL DESCRIPTION
Extent 286 p. :
Other physical details il. ;
Dimensions 23 cm.
504 ## - BIBLIOGRAPHY, ETC. NOTE
Bibliography, etc Incluye bibliografía.
650 #7 - SUBJECT ADDED ENTRY--TOPICAL TERM
Source of heading or term lemb
Topical term or geographic name as entry element Relaciones internacionales
650 #7 - SUBJECT ADDED ENTRY--TOPICAL TERM
Source of heading or term lemb
Topical term or geographic name as entry element Cooperación internacional
650 #4 - SUBJECT ADDED ENTRY--TOPICAL TERM
Topical term or geographic name as entry element Gobernanza
Form subdivision Estudios
700 1# - ADDED ENTRY--PERSONAL NAME
Personal name Ocampo Gaviria, Jose Antonio,
Dates associated with a name 1952-
Relator term ed.
942 ## - ADDED ENTRY ELEMENTS (KOHA)
Source of classification or shelving scheme Biblioteca del Cogreso de los Estados Unidos
Koha item type Libro
Holdings
Estado de pérdida Fuente de clasificación Estado del daño No para préstamo Ubicación permanente Ubicación actual Apartado o colección Fecha de adquisición Fuente de adquisición Edición Dependencia de educación superior (DES) Área del conocimiento Clasificación Código de Barras Date last seen Número de copia Tipo de recurso
  Biblioteca del Cogreso de los Estados Unidos     Biblioteca del Instituto de Investigaciones Económicas y Empresariales Biblioteca del Instituto de Investigaciones Económicas y Empresariales General 28/02/2017 Unidad Académica 1 Ciencias Económico Administrativas Ciencias Sociales y Administrativas JZ4972 G63 2015 IIE000005850 28/02/2017 1 Libro